[Event "St Louis Spring B"]
[Site "Saint Louis USA"]
[Date "2019.03.02"]
[Round "1.1"]
[White "Bai, Jinshi"]
[Black "Steingrimsson, Hedinn"]
[Result "1-0"]
[WhiteTitle "GM"]
[BlackTitle "GM"]
[WhiteElo "2593"]
[BlackElo "2558"]
[WhiteFideId "8602280"]
[BlackFideId "2300117"]
[EventDate "2019.03.02"]

1. d4 Nf6 2. c4 e6 3. g3 d5 4. Bg2 Be7 5. Nf3 O-O 6. Qc2 c5 7. dxc5 Qa5+ 8. Nc3
dxc4 9. O-O Nc6 10. Bg5 Qxc5 11. Bxf6 Bxf6 12. Ne4 Qe7 13. Nfd2 c3 14. Nxf6+
Qxf6 15. Ne4 Qg6 16. bxc3 Rb8 17. Qa4 e5 18. Rfd1 Bg4 19. Rd2 Qh5 20. Nc5 Bxe2
21. Nxb7 Rxb7 22. Qxc6 Rbb8 23. Re1 Rfc8 24. Rb2 h6 25. Rxb8 Rxb8 26. h3 Bb5 27.
Qc7 Re8 28. c4 Ba6 29. Qc6 Re6 30. Qa8+ Kh7 31. Qxa7 f5 32. Bd5 Rf6 33. Qb8 Qxh3
34. Qg8+ Kg6 35. Qe8+ Kg5 36. Qxe5 h5 37. Qe8 h4 1-0

[Event "St Louis Spring B"]
[Site "Saint Louis USA"]
[Date "2019.03.02"]
[Round "1.2"]
[White "Baryshpolets, Andrey"]
[Black "Chirila, Ioan-Cristian"]
[Result "1/2-1/2"]
[WhiteTitle "GM"]
[BlackTitle "GM"]
[WhiteElo "2589"]
[BlackElo "2566"]
[WhiteFideId "14117207"]
[BlackFideId "1211668"]
[EventDate "2019.03.02"]

1. d4 Nf6 2. c4 g6 3. Nc3 d5 4. cxd5 Nxd5 5. e4 Nxc3 6. bxc3 Bg7 7. Qa4+ Nd7 8.
Nf3 O-O 9. Be2 c5 10. O-O Nb6 11. Qa3 cxd4 12. Nxd4 e5 13. Nb5 Be6 14. Rd1 Qc8
15. Be3 Nc4 16. Bxc4 Qxc4 17. Qb4 Rfd8 18. Nxa7 Qxb4 19. cxb4 Bxa2 20. Bb6 Rxd1+
21. Rxd1 Bf8 22. Rd7 Bxb4 23. Rxb7 Be6 24. h3 Bd6 25. Be3 Rb8 26. Rxb8+ Bxb8 27.
Nc6 Bd6 28. Bd2 Bd7 29. Bb4 Bxc6 30. Bxd6 Bxe4 31. Bxe5 1/2-1/2

[Event "St Louis Spring B"]
[Site "Saint Louis USA"]
[Date "2019.03.02"]
[Round "1.3"]
[White "Kaidanov, Gregory"]
[Black "Kadric, Denis"]
[Result "1/2-1/2"]
[WhiteTitle "GM"]
[BlackTitle "GM"]
[WhiteElo "2540"]
[BlackElo "2547"]
[WhiteFideId "2008564"]
[BlackFideId "14403803"]
[EventDate "2019.03.02"]

1. Nf3 d6 2. d4 g6 3. e4 Bg7 4. Nc3 a6 5. a4 Nf6 6. Be2 O-O 7. O-O Nc6 8. Be3 e5
9. dxe5 dxe5 10. h3 Qe7 11. Nd5 Nxd5 12. exd5 Nd4 13. Nxd4 exd4 14. Bf4 Qc5 15.
c4 dxc3 16. bxc3 Re8 17. Bf3 Qc4 18. Bg3 Bf5 19. d6 c6 20. Ra3 Rad8 21. Qb3 Bd3
22. Qxc4 Bxc4 23. Rb1 Rd7 24. a5 Bf8 25. Ra4 Bb5 26. Rab4 c5 27. Rxb5 axb5 28.
Rxb5 Bxd6 29. Bxd6 Re1+ 30. Kh2 Rxd6 31. Bxb7 Rd2 32. a6 Ra1 33. f4 h5 34. h4
Rd6 35. Rxc5 Kg7 36. f5 Kf6 37. fxg6 fxg6 38. Rc4 Ra5 39. Re4 Rd3 40. Rc4 Rd6
41. Rf4+ Ke5 42. Re4+ Kf5 43. Re7 Kf6 44. Re4 Kf5 45. Re7 Kf6 1/2-1/2

[Event "St Louis Spring B"]
[Site "Saint Louis USA"]
[Date "2019.03.02"]
[Round "1.4"]
[White "Erenburg, Sergey"]
[Black "Mista, Aleksander"]
[Result "1/2-1/2"]
[WhiteTitle "GM"]
[BlackTitle "GM"]
[WhiteElo "2576"]
[BlackElo "2592"]
[WhiteFideId "2805642"]
[BlackFideId "1110381"]
[EventDate "2019.03.02"]

1. e4 c5 2. Nf3 e6 3. d4 cxd4 4. Nxd4 Nf6 5. Nc3 d6 6. Be3 a6 7. f3 b5 8. Qd2
Nbd7 9. g4 h6 10. O-O-O b4 11. Nce2 Qc7 12. h4 d5 13. g5 hxg5 14. exd5 Nxd5 15.
Bxg5 N7f6 16. Nf4 Bd6 17. Nxd5 Nxd5 18. Bd3 Bf4 19. Bxf4 Qxf4 20. Qxf4 Nxf4 21.
Be4 Ra7 22. Nc6 Rd7 23. Rxd7 Bxd7 24. Nxb4 f5 25. Bb7 a5 26. Nd3 Nxd3+ 27. cxd3
g5 28. h5 Kf7 29. h6 Kg6 30. Kd2 Kh7 31. Rc1 Rd8 32. Bc6 Kxh6 33. Bxd7 Rxd7 34.
Rc6 g4 35. fxg4 fxg4 36. Rxe6+ Kh5 37. Ke3 g3 38. Kf3 Rxd3+ 39. Kg2 Kg4 40. Re4+
Kf5 41. Ra4 Rd2+ 42. Kxg3 Rxb2 43. Rxa5+ Ke6 44. a4 Kd6 45. Rb5 Rxb5 46. axb5
Kc5 47. b6 Kxb6 1/2-1/2

[Event "St Louis Spring B"]
[Site "Saint Louis USA"]
[Date "2019.03.02"]
[Round "1.5"]
[White "Theodorou, Nikolas"]
[Black "Sorokin, Aleksey"]
[Result "1-0"]
[WhiteTitle "IM"]
[BlackTitle "FM"]
[WhiteElo "2551"]
[BlackElo "2531"]
[WhiteFideId "4262875"]
[BlackFideId "24176460"]
[EventDate "2019.03.02"]

1. d4 Nf6 2. c4 e6 3. g3 c5 4. Nf3 cxd4 5. Nxd4 d5 6. Bg2 e5 7. Nf3 d4 8. O-O
Nc6 9. e3 Be7 10. exd4 exd4 11. a3 a5 12. Re1 O-O 13. Bf4 Ra6 14. Ne5 Be6 15.
Nd2 Rb6 16. Nd3 Nd7 17. Bd5 g5 18. Bxe6 fxe6 19. Qg4 Kh8 20. c5 Rb5 21. Bd6 Bxd6
22. cxd6 e5 23. a4 Rd5 24. Ne4 Nf6 25. Qe6 Qd7 26. Qxd7 Nxd7 27. Ra3 g4 28. Rb3
b6 29. Rc1 Nb4 30. Nxb4 axb4 31. Rxb4 d3 32. Kg2 h5 33. h3 gxh3+ 34. Kxh3 Nc5
35. Kg2 Kg7 36. Rb5 Rd4 37. Nxc5 bxc5 38. Rbxc5 Kf6 39. Rd1 Ke6 40. f3 Rb8 41.
Rd2 Rxd6 42. Rc3 Rdb6 43. Rcxd3 Rxb2 44. Kh3 Rxd2 45. Rxd2 Rb3 46. Ra2 Rxf3 47.
a5 Rf7 48. a6 Ra7 49. Kg2 Kf5 50. Ra4 e4 51. Kf2 Kg5 52. Ra5+ Kg4 53. Kg2 e3 54.
Ra4+ 1-0

[Event "St Louis Spring B"]
[Site "Saint Louis USA"]
[Date "2019.03.03"]
[Round "2.1"]
[White "Steingrimsson, Hedinn"]
[Black "Sorokin, Aleksey"]
[Result "1-0"]
[WhiteTitle "GM"]
[BlackTitle "FM"]
[WhiteElo "2558"]
[BlackElo "2531"]
[WhiteFideId "2300117"]
[BlackFideId "24176460"]
[EventDate "2019.03.02"]

1. d4 Nf6 2. c4 e6 3. Nc3 Bb4 4. e3 O-O 5. Ne2 Re8 6. a3 Bf8 7. Ng3 d5 8. Be2
dxc4 9. O-O c5 10. dxc5 Bxc5 11. Bxc4 Nbd7 12. b4 Be7 13. Bb2 a5 14. bxa5 Rxa5
15. Nb5 Nb6 16. Bd3 Bd7 17. Qe2 Nfd5 18. Nh5 g6 19. e4 Nc7 20. Nxc7 Qxc7 21.
Nf6+ Bxf6 22. Bxf6 e5 23. Qd2 1-0

[Event "St Louis Spring B"]
[Site "Saint Louis USA"]
[Date "2019.03.03"]
[Round "2.2"]
[White "Mista, Aleksander"]
[Black "Theodorou, Nikolas"]
[Result "1/2-1/2"]
[WhiteTitle "GM"]
[BlackTitle "IM"]
[WhiteElo "2592"]
[BlackElo "2551"]
[WhiteFideId "1110381"]
[BlackFideId "4262875"]
[EventDate "2019.03.02"]

1. e4 e5 2. Nf3 Nc6 3. Bb5 Nf6 4. d3 Bc5 5. c3 d5 6. exd5 Qxd5 7. Bc4 Qd6 8. b4
Bb6 9. O-O O-O 10. Nbd2 Bf5 11. Qc2 Rad8 12. a4 a5 13. b5 Ne7 14. Qb3 Bc5 15.
Nxe5 Qxe5 16. d4 Qf4 17. Nf3 Qg4 18. dxc5 Be4 19. Bxf7+ Rxf7 20. Qxf7+ Kxf7 21.
Ne5+ Ke8 22. Nxg4 Nxg4 23. f3 Bd3 24. fxg4 Bxf1 25. Kxf1 Rd1+ 26. Ke2 Rg1 27.
Kf3 Ng6 28. h3 Ne5+ 29. Ke4 Nd7 30. Kd4 Kf7 31. c6 bxc6 32. bxc6 Rd1+ 33. Kc4
Ne5+ 34. Kb5 Nd3 35. Ka6 Rxc1 36. Rxc1 Nxc1 37. Kb7 Ne2 38. Kxc7 Nxc3 39. Kb7
Ne4 40. Kb6 Ke7 41. Kxa5 Kd6 42. Kb6 Nc3 43. a5 Na4+ 44. Kb5 Nc3+ 45. Kb6 Na4+ 1/2-1/2

[Event "St Louis Spring B"]
[Site "Saint Louis USA"]
[Date "2019.03.03"]
[Round "2.3"]
[White "Kadric, Denis"]
[Black "Erenburg, Sergey"]
[Result "1/2-1/2"]
[WhiteTitle "GM"]
[BlackTitle "GM"]
[WhiteElo "2547"]
[BlackElo "2576"]
[WhiteFideId "14403803"]
[BlackFideId "2805642"]
[EventDate "2019.03.02"]

1. e4 c6 2. d4 d5 3. e5 Bf5 4. h4 h5 5. c4 e6 6. Nc3 Ne7 7. Nge2 Nd7 8. Ng3 Bg6
9. Bg5 Qb6 10. Rc1 f6 11. exf6 gxf6 12. Be3 Qxb2 13. cxd5 Nxd5 14. Nxd5 exd5 15.
Bd3 Qb4+ 16. Ke2 Bxd3+ 17. Qxd3 O-O-O 18. Rc2 Qa4 19. Rb1 Nb6 20. Rb3 Nc4 21.
Qf5+ Kb8 22. Nxh5 Qa6 23. Kf3 Bd6 24. g4 Nxe3 25. fxe3 Qf1+ 26. Rf2 Qh1+ 27. Ke2
Qxh4 28. Nxf6 Bg3 29. Rg2 Qh1 30. Qf1 Qxf1+ 31. Kxf1 Bh4 32. g5 Rdf8 33. Ke2 Kc8
34. Rb1 Bxg5 35. Nxd5 cxd5 36. Rxg5 Rh2+ 37. Kd3 Rxa2 38. Rc1+ Kb8 1/2-1/2

[Event "St Louis Spring B"]
[Site "Saint Louis USA"]
[Date "2019.03.03"]
[Round "2.4"]
[White "Chirila, Ioan-Cristian"]
[Black "Kaidanov, Gregory"]
[Result "0-1"]
[WhiteTitle "GM"]
[BlackTitle "GM"]
[WhiteElo "2566"]
[BlackElo "2540"]
[WhiteFideId "1211668"]
[BlackFideId "2008564"]
[EventDate "2019.03.02"]

1. Nf3 d5 2. g3 c5 3. Bg2 Nc6 4. d4 Nf6 5. O-O cxd4 6. Nxd4 e5 7. Nxc6 bxc6 8.
c4 Be6 9. Qa4 Qd7 10. Bg5 Rc8 11. Nd2 Ng4 12. Nb3 h6 13. Bd2 Be7 14. Rfd1 Nf6
15. Qa5 O-O 16. Nc5 Bxc5 17. Qxc5 Rfe8 18. Be1 Bh3 19. Bh1 h5 20. Rac1 h4 21.
Rc3 hxg3 22. hxg3 e4 23. Ra3 Qg4 24. f3 exf3 25. Bxf3 Qg6 26. Rxa7 Ne4 27. Qd4
Nxg3 28. Kh2 Nxe2 29. Qf2 Bg4 30. Bxg4 Qxg4 31. Qxf7+ Kh8 32. Qf2 Re5 0-1

[Event "St Louis Spring B"]
[Site "Saint Louis USA"]
[Date "2019.03.03"]
[Round "2.5"]
[White "Bai, Jinshi"]
[Black "Baryshpolets, Andrey"]
[Result "1/2-1/2"]
[WhiteTitle "GM"]
[BlackTitle "GM"]
[WhiteElo "2593"]
[BlackElo "2589"]
[WhiteFideId "8602280"]
[BlackFideId "14117207"]
[EventDate "2019.03.02"]

1. d4 d5 2. c4 e6 3. Nc3 Be7 4. Nf3 Nf6 5. g3 O-O 6. Bg2 dxc4 7. Ne5 Nc6 8. Bxc6
bxc6 9. Nxc6 Qe8 10. Nxe7+ Qxe7 11. Qa4 c5 12. dxc5 Qxc5 13. Be3 Qc7 14. Rd1 Bb7
15. O-O Nd5 16. Bd4 Rfd8 17. f3 e5 18. Nxd5 Rxd5 19. Be3 a6 20. Rc1 Rc8 21. Rfd1
h6 22. Rxd5 Bxd5 23. Rd1 Be6 24. Qxa6 c3 25. bxc3 Qxc3 26. Kf2 Qb2 27. a4 e4 28.
Qb6 Qa2 29. Rd8+ Rxd8 30. Qxd8+ Kh7 31. a5 exf3 32. Kxf3 Bc4 33. Qd2 Qb1 34. Kf2
Qf5+ 35. Ke1 1/2-1/2

[Event "St Louis Spring B"]
[Site "Saint Louis USA"]
[Date "2019.03.04"]
[Round "3.1"]
[White "Baryshpolets, Andrey"]
[Black "Steingrimsson, Hedinn"]
[Result "1/2-1/2"]
[WhiteTitle "GM"]
[BlackTitle "GM"]
[WhiteElo "2589"]
[BlackElo "2558"]
[WhiteFideId "14117207"]
[BlackFideId "2300117"]
[EventDate "2019.03.02"]

1. d4 Nf6 2. c4 e6 3. Nf3 d5 4. Nc3 dxc4 5. e4 Bb4 6. Bg5 c5 7. Bxc4 cxd4 8.
Nxd4 Bxc3+ 9. bxc3 Qa5 10. Nb5 Nxe4 11. Bf4 O-O 12. O-O Nc6 13. Bc7 b6 14. Qf3
f5 15. Rfe1 a6 16. Nd4 Ne5 17. Bxe5 Qxe5 18. Qe3 b5 19. Bb3 Qc5 20. f3 Nf6 21.
Nxe6 Qxe3+ 22. Rxe3 Bxe6 23. Rxe6 Kh8 24. Rd1 Rfc8 25. Rdd6 a5 26. Re5 a4 27.
Bd1 Rab8 28. Be2 b4 29. cxb4 Rxb4 30. Rb5 Rxb5 31. Bxb5 a3 32. Ba4 h5 33. Kf2 h4
34. Bb3 Ra8 35. Ke3 Kh7 36. Kf4 Kg6 37. Bc2 Ra5 38. Bb3 Kh6 39. Ke3 Kg5 40. Rd4
g6 41. Rd6 Ne8 42. Rc6 Ra7 43. Kd4 Ng7 44. Bc4 Nh5 45. Ra6 Rxa6 46. Bxa6 Kf4 47.
Bb7 g5 48. Bc6 Nf6 49. Bb7 Nh5 50. Kc4 Ke3 51. Kb4 Kf2 52. Kxa3 f4 53. Kb4 Kxg2
54. a4 Kxh2 55. a5 Kg3 56. Bc8 Nf6 57. Kc5 g4 58. a6 h3 59. Bb7 h2 60. fxg4 f3
61. Bxf3 Kxf3 62. a7 Ne4+ 63. Kb6 h1=Q 64. a8=Q Qg1+ 65. Kc7 Qh2+ 66. Kb6 Qb2+
67. Ka7 Qd4+ 68. Kb8 Qd6+ 69. Ka7 Qc5+ 70. Kb8 Kf4 71. Qb7 Nd6 72. Qc7 Qb4+ 73.
Ka7 Ke5 74. Qc6 Qa5+ 75. Kb8 Ke6 76. g5 Qxg5 77. Kc7 Qg7+ 78. Kb6 Qd4+ 79. Ka6
Qd3+ 80. Kb6 Qe3+ 81. Ka6 Qa3+ 82. Kb6 Qb2+ 83. Kc7 Qg7+ 84. Kb6 Qd4+ 85. Ka6
Qb4 86. Ka7 Qa5+ 87. Qa6 Qc7+ 88. Ka8 Qd8+ 89. Ka7 Qd7+ 90. Ka8 Qe8+ 91. Ka7
Qf7+ 92. Ka8 Qf3+ 93. Kb8 Qb3+ 94. Kc7 Qc3+ 95. Qc6 Qg7+ 96. Kb6 Qd4+ 97. Ka6
Qb4 98. Ka7 Qa5+ 99. Qa6 Qc7+ 100. Ka8 Qc5 101. Kb8 Qc2 102. Ka8 Qe4+ 103. Kb8
Kd7 104. Qa7+ Ke8 105. Qb6 Qd5 106. Qe3+ Kd7 107. Qa7+ Ke8 108. Qe3+ Ne4 109.
Qb6 Nc5 110. Qg6+ Kd7 111. Qg7+ Kc6 112. Qf6+ Kb5 113. Qb2+ Nb3 114. Qe2+ Kb6
115. Qf2+ Nd4 116. Qb2+ Nb3 117. Qf2+ Kc6 118. Qf6+ Kb5 119. Qf1+ Ka5 120. Kc7
Qe5+ 121. Kd8 Nc5 122. Qf7 Kb6 123. Qg6+ Kb7 124. Qf7+ Kb8 125. Qg6 Ne6+ 126.
Ke7 Nf4+ 1/2-1/2

[Event "St Louis Spring B"]
[Site "Saint Louis USA"]
[Date "2019.03.04"]
[Round "3.2"]
[White "Kaidanov, Gregory"]
[Black "Bai, Jinshi"]
[Result "0-1"]
[WhiteTitle "GM"]
[BlackTitle "GM"]
[WhiteElo "2540"]
[BlackElo "2593"]
[WhiteFideId "2008564"]
[BlackFideId "8602280"]
[EventDate "2019.03.02"]

1. Nf3 Nf6 2. g3 g6 3. Bg2 Bg7 4. d4 d5 5. O-O O-O 6. c4 c5 7. dxc5 dxc4 8. Na3
c3 9. Nb5 Na6 10. Nxc3 Nxc5 11. Be3 Nfe4 12. Nxe4 Nxe4 13. Bd4 Bf5 14. Bxg7 Qxd1
15. Rfxd1 Kxg7 16. Nd4 Nd6 17. Rac1 Rac8 18. Kf1 Bd7 19. Ke1 Rxc1 20. Rxc1 Rc8
21. Rxc8 Bxc8 22. Kd2 e5 23. Nc2 Be6 24. a3 g5 25. Ne3 f5 26. Bd5 Kf6 27. Bxe6
Kxe6 28. Kd3 h5 29. Nd1 f4 30. Nc3 Kf5 31. gxf4 exf4 32. Kd4 g4 33. Kd5 Ne8 34.
e4+ fxe3 35. fxe3 h4 36. e4+ Kf4 37. e5 Ke3 38. Ke6 g3 39. hxg3 hxg3 40. Nd5+
Kf3 41. Kf7 g2 42. Kxe8 g1=Q 43. e6 Ke4 44. Nc7 Ke5 45. e7 Kd6 46. Kd8 Qg5 47.
Ne8+ Kc6 0-1

[Event "St Louis Spring B"]
[Site "Saint Louis USA"]
[Date "2019.03.04"]
[Round "3.3"]
[White "Erenburg, Sergey"]
[Black "Chirila, Ioan-Cristian"]
[Result "0-1"]
[WhiteTitle "GM"]
[BlackTitle "GM"]
[WhiteElo "2576"]
[BlackElo "2566"]
[WhiteFideId "2805642"]
[BlackFideId "1211668"]
[EventDate "2019.03.02"]

1. e4 c5 2. Nf3 Nc6 3. d4 cxd4 4. Nxd4 Qb6 5. Nb3 Nf6 6. Nc3 e6 7. Bd3 a6 8. Be3
Qc7 9. f4 d6 10. Qf3 Be7 11. g4 b5 12. g5 Nd7 13. O-O-O Nb4 14. Kb1 Nxd3 15.
cxd3 b4 16. Ne2 a5 17. Rc1 Qb7 18. h4 a4 19. Nd2 a3 20. b3 d5 21. Bd4 O-O 22. h5
Qb5 23. g6 h6 24. gxf7+ Rxf7 25. Qg3 Ba6 26. Rh3 Nc5 27. Qg6 Nxe4 28. Nxe4 dxe4
29. Rg1 Qf5 30. Qg2 Bf8 31. dxe4 Qb5 32. Nc1 Rd8 33. Be5 Bb7 34. Rg3 Qc6 35. Re1
Rdd7 36. Rg6 Bc5 37. f5 Bd4 38. Rxe6 Qc3 39. Bxd4 Rxd4 40. Re8+ Rf8 41. f6 Rd7
42. Rxf8+ Kxf8 43. Re2 Qxf6 44. Qg4 Rd4 45. e5 Rxg4 46. exf6 Be4+ 47. Ka1 gxf6
48. Rf2 Kf7 49. Ne2 f5 50. Ng3 Rxg3 51. Rxf5+ Ke6 52. Re5+ Kd6 53. Re6+ Kc5 0-1

[Event "St Louis Spring B"]
[Site "Saint Louis USA"]
[Date "2019.03.04"]
[Round "3.4"]
[White "Theodorou, Nikolas"]
[Black "Kadric, Denis"]
[Result "1-0"]
[WhiteTitle "IM"]
[BlackTitle "GM"]
[WhiteElo "2551"]
[BlackElo "2547"]
[WhiteFideId "4262875"]
[BlackFideId "14403803"]
[EventDate "2019.03.02"]

1. d4 d6 2. Nf3 g6 3. c4 Bg7 4. Nc3 e5 5. dxe5 dxe5 6. Qxd8+ Kxd8 7. g3 c6 8.
Bg2 Kc7 9. O-O Be6 10. b4 Nd7 11. b5 h6 12. Rd1 Nb6 13. bxc6 bxc6 14. Nd2 Rd8
15. Bb2 Ne7 16. c5 Nc4 17. Nxc4 Bxc4 18. Ne4 Rxd1+ 19. Rxd1 Rd8 20. Nd6 Bxe2 21.
Re1 Ba6 22. Bc3 Rb8 23. Nxf7 Nd5 24. Bxe5+ Bxe5 25. Nxe5 Rb5 26. Nxc6 Rxc5 27.
Nd4 Bc8 28. Nb3 Rb5 29. Rc1+ Kb8 30. Nd4 1-0

[Event "St Louis Spring B"]
[Site "Saint Louis USA"]
[Date "2019.03.04"]
[Round "3.5"]
[White "Sorokin, Aleksey"]
[Black "Mista, Aleksander"]
[Result "1-0"]
[WhiteTitle "FM"]
[BlackTitle "GM"]
[WhiteElo "2531"]
[BlackElo "2592"]
[WhiteFideId "24176460"]
[BlackFideId "1110381"]
[EventDate "2019.03.02"]

1. d4 Nf6 2. c4 g6 3. Nc3 d5 4. cxd5 Nxd5 5. e4 Nxc3 6. bxc3 Bg7 7. Nf3 c5 8.
Be3 O-O 9. Rc1 Qa5 10. Qd2 Rd8 11. d5 e6 12. Bg5 f6 13. Be3 Nc6 14. Bd3 b6 15.
O-O Ba6 16. Bxa6 Qxa6 17. Rfd1 exd5 18. exd5 Qc4 19. dxc6 Rxd2 20. Rxd2 Bf8 21.
c7 Be7 22. Rcd1 Kf7 23. Rd8 Qa4 24. R1d7 Qe4 25. h4 Ke6 26. Rb8 Bd6 27. Rxd6+ 1-0

[Event "St Louis Spring B"]
[Site "Saint Louis USA"]
[Date "2019.03.05"]
[Round "4.1"]
[White "Steingrimsson, Hedinn"]
[Black "Mista, Aleksander"]
[Result "0-1"]
[WhiteTitle "GM"]
[BlackTitle "GM"]
[WhiteElo "2558"]
[BlackElo "2592"]
[WhiteFideId "2300117"]
[BlackFideId "1110381"]
[EventDate "2019.03.02"]

1. Nf3 g6 2. e4 c5 3. c4 Nc6 4. d4 cxd4 5. Nxd4 Nf6 6. Nc3 d6 7. Nc2 Bg7 8. Be2
Nd7 9. Bd2 O-O 10. O-O Nc5 11. f3 Nd4 12. Nxd4 Bxd4+ 13. Kh1 Bg7 14. Rc1 a5 15.
b3 Be6 16. Re1 Qb6 17. Bf1 Rfc8 18. Rc2 Qd8 19. Bg5 h6 20. Bh4 g5 21. Bf2 Qf8
22. Qd2 Bf6 23. g3 Qg7 24. Bg2 a4 25. b4 Nb3 26. axb3 axb3 27. Rcc1 Rxc4 28. Ne2
Rxc1 29. Qxc1 b2 30. Qc2 Ra1 31. f4 Ba2 32. e5 Rxe1+ 0-1

[Event "St Louis Spring B"]
[Site "Saint Louis USA"]
[Date "2019.03.05"]
[Round "4.2"]
[White "Kadric, Denis"]
[Black "Sorokin, Aleksey"]
[Result "0-1"]
[WhiteTitle "GM"]
[BlackTitle "FM"]
[WhiteElo "2547"]
[BlackElo "2531"]
[WhiteFideId "14403803"]
[BlackFideId "24176460"]
[EventDate "2019.03.02"]

1. e4 c6 2. d4 d5 3. e5 Bf5 4. h4 h5 5. c4 e6 6. Nc3 Ne7 7. Nge2 Bg4 8. Bg5 Qb6
9. Qd2 Nd7 10. cxd5 Nxd5 11. Nxd5 exd5 12. Nc3 f6 13. exf6 gxf6 14. Be3 O-O-O
15. Rc1 Kb8 16. Bf4+ Ka8 17. f3 Bf5 18. a3 Re8+ 19. Kf2 Nc5 20. dxc5 Bxc5+ 21.
Kg3 Bg1 22. Rxg1 Qxg1 23. Bb5 Reg8+ 24. Bg5 Qb6 25. Qf4 fxg5 26. Qxf5 gxh4+ 27.
Kh2 d4 0-1

[Event "St Louis Spring B"]
[Site "Saint Louis USA"]
[Date "2019.03.05"]
[Round "4.3"]
[White "Chirila, Ioan-Cristian"]
[Black "Theodorou, Nikolas"]
[Result "1-0"]
[WhiteTitle "GM"]
[BlackTitle "IM"]
[WhiteElo "2566"]
[BlackElo "2551"]
[WhiteFideId "1211668"]
[BlackFideId "4262875"]
[EventDate "2019.03.02"]

1. d4 Nf6 2. Bf4 e6 3. e3 Nc6 4. Nf3 Ne7 5. h4 b6 6. c4 Bb7 7. Nc3 Nf5 8. h5 Bd6
9. Ne5 Ne4 10. Nxe4 Bxe4 11. f3 f6 12. fxe4 fxe5 13. exf5 exf4 14. Qf3 O-O 15.
exf4 Bb4+ 16. Kf2 Qf6 17. Rd1 Rae8 18. h6 exf5 19. hxg7 Qxg7 20. Rh5 Kh8 21. g3
Be7 22. Bh3 Qg6 23. Rh1 Bf6 24. Bxf5 Bxd4+ 25. Kg2 Qc6 26. Rxh7+ Kg8 27. Qxc6
dxc6 28. Bd7 Re2+ 29. Kf3 Re3+ 30. Kg4 Rf7 31. Rxf7 Kxf7 32. b3 c5 33. Bc6 Kg7
34. Rh5 Re2 35. Rd5 Kf6 36. Rd7 Rxa2 37. Rxc7 Rb2 38. Bd5 Rxb3 39. Kh5 Kf5 40.
Rf7+ 1-0

[Event "St Louis Spring B"]
[Site "Saint Louis USA"]
[Date "2019.03.05"]
[Round "4.4"]
[White "Bai, Jinshi"]
[Black "Erenburg, Sergey"]
[Result "1-0"]
[WhiteTitle "GM"]
[BlackTitle "GM"]
[WhiteElo "2593"]
[BlackElo "2576"]
[WhiteFideId "8602280"]
[BlackFideId "2805642"]
[EventDate "2019.03.02"]

1. d4 d5 2. c4 c6 3. cxd5 cxd5 4. Bf4 Nc6 5. e3 Nf6 6. Nc3 Bf5 7. Qb3 Na5 8.
Bb5+ Bd7 9. Qd1 e6 10. Bd3 Nc4 11. Qe2 Bb4 12. Nf3 Rc8 13. Rc1 Ne4 14. Bxe4 dxe4
15. Ng5 e5 16. dxe5 Bg4 17. f3 exf3 18. gxf3 Bh5 19. Kf2 O-O 20. Rhd1 Qa5 21.
Nd5 Nb6 22. Rxc8 Rxc8 23. Nxb4 Qxb4 24. Qd3 Bg6 25. Qd8+ Qf8 26. Qxf8+ Kxf8 27.
e4 Ke7 28. Nh3 Nd7 29. Rd2 h6 30. Bg3 Bh7 31. Ke3 g5 32. Nf2 Bg6 33. h4 f6 34.
exf6+ Nxf6 35. hxg5 hxg5 36. Nh3 g4 37. Nf4 Bf7 38. e5 Nh5 39. Bh4+ Kf8 40. Nxh5
Bxh5 41. f4 Bg6 42. f5 1-0

[Event "St Louis Spring B"]
[Site "Saint Louis USA"]
[Date "2019.03.05"]
[Round "4.5"]
[White "Baryshpolets, Andrey"]
[Black "Kaidanov, Gregory"]
[Result "1/2-1/2"]
[WhiteTitle "GM"]
[BlackTitle "GM"]
[WhiteElo "2589"]
[BlackElo "2540"]
[WhiteFideId "14117207"]
[BlackFideId "2008564"]
[EventDate "2019.03.02"]

1. d4 d5 2. c4 e6 3. Nf3 Nf6 4. Nc3 c6 5. Bg5 Nbd7 6. e3 Qa5 7. cxd5 exd5 8. Bd3
Ne4 9. Qc2 Nxg5 10. Nxg5 h6 11. Nf3 Bd6 12. h3 Nf6 13. O-O O-O 14. a3 Qc7 15. b4
Qe7 16. Rfe1 Re8 17. e4 dxe4 18. Nxe4 Nxe4 19. Bxe4 Be6 20. b5 Rac8 21. Qa4 Qc7
22. bxc6 bxc6 23. Rac1 Bd7 24. Bb1 Rxe1+ 25. Rxe1 c5 26. Qc2 g6 27. dxc5 Bxc5
28. Ba2 Bf5 29. Qd2 Kh7 30. Ne5 Re8 31. Nxf7 Rxe1+ 32. Qxe1 Qf4 33. Ne5 Bxa3 34.
Qa5 Qc1+ 35. Kh2 Qf4+ 36. Kg1 Qc1+ 37. Kh2 Qc5 38. Qe1 Bb4 39. Qe2 Qd4 40. Ng4
Bd6+ 41. g3 h5 42. Ne3 Be4 43. h4 Bd3 44. Qd1 Qxh4+ 45. Kg1 Bxg3 46. fxg3 Qxg3+
47. Ng2 Be4 48. Qe2 Qxg2+ 49. Qxg2 Bxg2 50. Kxg2 a5 51. Bb3 g5 52. Ba4 Kg7 53.
Be8 h4 54. Kh3 Kf6 55. Kg4 Ke5 56. Ba4 Kd6 57. Be8 Kc5 58. Bd7 Kd6 59. Be8 Ke6
60. Ba4 Kf6 61. Be8 Ke5 62. Ba4 Kd6 63. Be8 1/2-1/2

[Event "St Louis Spring B"]
[Site "Saint Louis USA"]
[Date "2019.03.06"]
[Round "5.1"]
[White "Kaidanov, Gregory"]
[Black "Steingrimsson, Hedinn"]
[Result "1-0"]
[WhiteTitle "GM"]
[BlackTitle "GM"]
[WhiteElo "2540"]
[BlackElo "2558"]
[WhiteFideId "2008564"]
[BlackFideId "2300117"]
[EventDate "2019.03.02"]

1. Nf3 d5 2. g3 Bg4 3. Bg2 c6 4. O-O Nd7 5. h3 Bh5 6. d3 e5 7. e4 dxe4 8. dxe4
Bc5 9. Nbd2 Qc7 10. Qe1 Ne7 11. a4 O-O 12. Nc4 b5 13. Ne3 a5 14. Bd2 Bb6 15. Nh4
f6 16. axb5 cxb5 17. Nhf5 Nxf5 18. exf5 Bxe3 19. fxe3 Rac8 20. Bxa5 Qxc2 21. Bb4
Rfd8 22. Bd5+ Bf7 23. Rf2 Qc7 24. Bxf7+ Kxf7 25. Ba5 Nb6 26. Qb4 Rd5 27. e4 Rd6
28. Qxb5 Kg8 29. Rf3 Qd8 30. Qb3+ Kh8 31. Rc3 Rb8 32. Rac1 h6 33. h4 Kh7 34. Kh2
Qe8 35. Qc2 Na4 36. Rb3 Rxb3 37. Qxb3 Rd4 38. Kh3 Qa8 39. Qf7 Rxe4 40. Qg6+ Kh8
41. Rc7 Rxh4+ 42. gxh4 Qh1+ 43. Kg3 Qg1+ 44. Kf3 Qf1+ 45. Ke3 Qf4+ 46. Ke2 Qh2+
47. Kf1 Qh1+ 48. Qg1 Qf3+ 49. Ke1 Qe4+ 50. Kd2 Qf4+ 51. Kc2 Qxf5+ 52. Kb3 g5 53.
Kxa4 1-0